000 00891nam a22002417a 4500
999 _c153381
_d153381
005 20181218161539.0
010 _aENG-123376-77
020 _c499.00
_a9789352830022 (vol. 1)
020 _c375.00
_a9789352830039 (vol. 2)
035 _aEN-106908-09
037 _bDBAD/PUB
082 _a570
100 _aDixit, Amit Kumar
245 0 0 _aObjective biology for NEET /
_cby Amit Kumar Dixit
260 _aNew Delhi
_bS. Chand and Company
_c2017
270 _a7361, Ram Nagar,
_bNew Delhi
_e110055
300 _a2 vols. (various paging)
_c27cm(pbk)
_bill.
500 _aIt includes Vol. 1 & 2, NEET 2017 Question and Answers
500 _aदि्वभाषी (अंग्रेजी एवं हिन्दी में)
505 _avol. 1 - Diversity in the living world vol. 2 - Reproduction
942 _2ddc
_cEN
_mDIX
_h570